Passio S. Petri apostoli oratorio per soli, coro e orchestra (Lp Hit 30.235) (Record n. 104070)

Dettagli MARC
000 -LEADER
fixed length control field 00980njm a2200301Ia 4500
001 - CONTROL NUMBER
control field 21230
003 - CONTROL NUMBER IDENTIFIER
control field IT-RoPAU
005 - DATE AND TIME OF LATEST TRANSACTION
control field 20220918181217.0
008 - FIXED-LENGTH DATA ELEMENTS--GENERAL INFORMATION
fixed length control field 131025s9999 xx 000 0 und d
040 ## - CATALOGING SOURCE
Original cataloging agency IT-RoPAU
040 ## - CATALOGING SOURCE
Transcribing agency IT-RoPAU
041 ## - LANGUAGE CODE
Language code of text/sound track or separate title LATINO
999 ## - SYSTEM CONTROL NUMBERS (KOHA)
Koha Dewey Subclass [OBSOLETE] n.d.
100 ## - MAIN ENTRY--PERSONAL NAME
Personal name Tonetti Ottone
9 (RLIN) 5404
100 ## - MAIN ENTRY--PERSONAL NAME
Relator term Autore musica
9 (RLIN) 5405
100 ## - MAIN ENTRY--PERSONAL NAME
Miscellaneous information Codice autore musica SPICS: 11175
9 (RLIN) 5406
245 ## - TITLE STATEMENT
Title Passio S. Petri apostoli oratorio per soli, coro e orchestra (Lp Hit 30.235)
250 ## - EDITION STATEMENT
Edition statement 1a ed.
260 ## - PUBLICATION, DISTRIBUTION, ETC. (IMPRINT)
Place of publication, distribution, etc. ITALIA
260 ## - PUBLICATION, DISTRIBUTION, ETC. (IMPRINT)
Name of publisher, distributor, etc. HIT RECORDS
300 ## - PHYSICAL DESCRIPTION
Extent DISCO
500 ## - GENERAL NOTE
General note Musica religiosa.
505 ## - FORMATTED CONTENTS NOTE
Formatted contents note Fuga di San Pietro e suo glorioso martirio nel circo di Caligola
511 ## - PARTICIPANT OR PERFORMER NOTE
Participant or performer note Coro e orchestra sinfonica di Roma diretti da Vitalini Alberico
650 ## - SUBJECT ADDED ENTRY--TOPICAL TERM
Topical term or geographic name as entry element RELIGIOSO [DISCHI]
Relator term Codice MATERIA SPICS: 9950
9 (RLIN) 791
700 ## - ADDED ENTRY--PERSONAL NAME
Personal name Del Ton Giuseppe
Relator term Autore testo e musica
Miscellaneous information Codice autore testo/musica SPICS: 24136
9 (RLIN) 5407
942 ## - ADDED ENTRY ELEMENTS (KOHA)
Koha item type DISCHI
Source of classification or shelving scheme Dewey Decimal Classification
Dati di copia
Withdrawn status Lost status Damaged status Not for loan Home library Current library Date acquired Total Checkouts Full call number Date last seen Price effective from Koha item type Public note
    Buone Condizioni Not For Loan SPICS-MEDIATECA SPICS-MEDIATECA 25/10/2013   21230 25/10/2013 25/10/2013 DISCHI Progr. Ins.: 4531 / N.Vol.: 1 / Copie: 1 - Copia rara: n.d. / date import: 01.01.2014 - By Epidotti, Trombetti, Vaglietti
CREDITS: SOCIETA' SAN PAOLO Via A.Severo, 58 - ROMA (RM) & PERIODICI SAN PAOLO SRL Via Giotto, 36 MILANO & CISF Via Giotto, 36 MILANO & EDIZIONI SAN PAOLO SRL,  Piazza Soncino, 5 CINISELLO BALSAMO (MI) -- ITALY